[Event "40. Open Ciudad de San Sebastián 2017"]
[Site "San Sebastián ESP"]
[Date "2017.04.09"]
[Round "3.1"]
[White "Perez Pacheco, Ricardo"]
[Black "Lopez Martinez, Josep Manuel"]
[Result "0-1"]
[WhiteElo "2192"]
[BlackElo "2583"]
[PlyCount "92"]
[EventDate "2017.04.08"]
[EventType "swiss"]
[EventRounds "9"]
[EventCountry "ESP"]
[SourceTitle "Ajedrez en Madrid"]
[Source "lmi"]
[SourceDate "2017.04.08"]

1. e4 c6 2. d4 d5 3. Nc3 dxe4 4. Nxe4 Bf5 5. Ng3 Bg6 6. h4 h6 7. Nf3 e6 8. h5
Bh7 9. Bd3 Bxd3 10. Qxd3 Nf6 11. Bd2 c5 12. O-O-O Nc6 13. Be3 Qa5 14. Kb1 Be7
15. dxc5 Bxc5 16. Ne4 Nxe4 17. Qxe4 Bxe3 18. Qxe3 Rd8 19. g4 Rxd1+ 20. Rxd1 O-O
21. a3 Rd8 22. Rd3 Rd5 23. Qe4 Rd8 24. Qc4 Qb6 25. Rxd8+ Qxd8 26. Kc1 Qd6 27.
c3 Kf8 28. Kc2 Ke7 29. b4 Kf6 30. Qe4 Qd5 31. Qxd5 exd5 32. Kd3 Ne5+ 33. Nxe5
Kxe5 34. a4 Kf4 35. Kd4 Kxg4 36. Kxd5 g6 37. c4 gxh5 38. f3+ Kxf3 39. c5 h4 40.
b5 h3 41. c6 bxc6+ 42. bxc6 h2 43. c7 h1=Q 44. c8=Q Qd1+ 45. Ke5 Qe2+ 46. Kd4
Qe3+ 0-1

[Event "40. Open Ciudad de San Sebastián 2017"]
[Site "San Sebastián ESP"]
[Date "2017.04.09"]
[Round "3.2"]
[White "Narciso Dublan, Marc"]
[Black "Eizaguerri Floris, Maria"]
[Result "1-0"]
[WhiteElo "2508"]
[BlackElo "2124"]
[PlyCount "97"]
[EventDate "2017.04.08"]
[EventType "swiss"]
[EventRounds "9"]
[EventCountry "ESP"]
[SourceTitle "Ajedrez en Madrid"]
[Source "lmi"]
[SourceDate "2017.04.08"]

1. d4 Nf6 2. Bg5 Ne4 3. Bf4 d5 4. e3 c5 5. Bd3 e6 6. Bxe4 dxe4 7. Nc3 cxd4 8.
Qxd4 Qxd4 9. exd4 Bb4 10. Nge2 O-O 11. O-O-O f5 12. d5 Na6 13. dxe6 Bxe6 14.
Nd4 Bc4 15. Ncb5 Bxb5 16. Nxb5 Bc5 17. Rd2 Rad8 18. Rhd1 Rxd2 19. Rxd2 Re8 20.
a3 h6 21. h4 e3 22. fxe3 Bxe3 23. Bxe3 Rxe3 24. b4 Re1+ 25. Kb2 Re4 26. Nd6
Rxh4 27. Nxf5 Rf4 28. Ne7+ Kf7 29. Nc8 Ke8 30. Nxa7 g5 31. Nb5 g4 32. Kb3 h5
33. Nd6+ Ke7 34. Nxb7 h4 35. b5 Nb8 36. Nc5 Rf5 37. Kb4 g3 38. Nd3 Rg5 39. Ne1
Re5 40. Nf3 Re4+ 41. Rd4 Re2 42. Nxh4 Rxc2 43. Rd3 Nd7 44. Rxg3 Nb6 45. Nf5+
Kf6 46. Nd6 Ke6 47. Rg6+ Kd5 48. Ka5 Nd7 49. Nf5 1-0

[Event "40. Open Ciudad de San Sebastián 2017"]
[Site "San Sebastián ESP"]
[Date "2017.04.09"]
[Round "3.3"]
[White "Llano Olabarrieta, Joseba"]
[Black "Stella, Andrea"]
[Result "0-1"]
[WhiteElo "2146"]
[BlackElo "2500"]
[PlyCount "90"]
[EventDate "2017.04.08"]
[EventType "swiss"]
[EventRounds "9"]
[EventCountry "ESP"]
[SourceTitle "Ajedrez en Madrid"]
[Source "lmi"]
[SourceDate "2017.04.08"]

1. e4 c5 2. Nf3 e6 3. c3 Nf6 4. e5 Nd5 5. g3 d6 6. Bg2 Nc6 7. exd6 Bxd6 8. O-O
O-O 9. d4 cxd4 10. Nxd4 Nxd4 11. Qxd4 Qc7 12. Nd2 Bd7 13. Ne4 Be5 14. Qd3 Rac8
15. Re1 h6 16. f4 Bf6 17. Nxf6+ Nxf6 18. Be3 Bc6 19. Bxc6 Qxc6 20. Bd4 Nd7 21.
Qe4 Qxe4 22. Rxe4 b6 23. a4 Rfd8 24. Ree1 Nc5 25. Bxc5 bxc5 26. Rad1 Kf8 27.
Kf2 Ke7 28. Ke2 c4 29. Ke3 Rb8 30. Rxd8 Rxd8 31. Re2 Rd3+ 32. Kf2 Kd6 33. Ke1
f6 34. Rd2 Rxd2 35. Kxd2 Kd5 36. Ke3 g6 37. Kf3 e5 38. g4 f5 39. gxf5 gxf5 40.
Ke3 a5 41. h4 exf4+ 42. Kxf4 Ke6 43. Kf3 Ke5 44. Ke3 f4+ 45. Kf2 Ke4 0-1

[Event "40. Open Ciudad de San Sebastián 2017"]
[Site "San Sebastián ESP"]
[Date "2017.04.09"]
[Round "3.4"]
[White "Gascon Del Nogal, Jose Rafael"]
[Black "Torres Ganuza, Francisco Javie"]
[Result "1-0"]
[WhiteElo "2489"]
[BlackElo "2095"]
[PlyCount "161"]
[EventDate "2017.04.08"]
[EventType "swiss"]
[EventRounds "9"]
[EventCountry "ESP"]
[SourceTitle "Ajedrez en Madrid"]
[Source "lmi"]
[SourceDate "2017.04.08"]

1. c4 e5 2. Nc3 Nf6 3. e3 d5 4. cxd5 Nxd5 5. Nf3 Nxc3 6. bxc3 Bd6 7. d4 Nd7 8.
Qc2 Qe7 9. Bd3 h6 10. O-O b6 11. Be4 Rb8 12. dxe5 Nxe5 13. Nd4 Bd7 14. f4 Ng4
15. Nc6 Bxc6 16. Bxc6+ Kf8 17. Qe2 h5 18. h3 Nh6 19. Qxh5 Bc5 20. Kh2 Qf6 21.
Bf3 Qxc3 22. Rb1 Qd3 23. Bb2 Qf5 24. Qh4 Bxe3 25. Be5 Kg8 26. Qg3 Qg6 27. Qxg6
fxg6 28. Bxc7 Rc8 29. Be5 Kh7 30. Rb3 Bc5 31. Rd1 Nf7 32. Bc3 Rhd8 33. Rd5 Rxd5
34. Bxd5 Rc7 35. Bd2 Rd7 36. Rd3 Re7 37. Kg3 Nd6 38. Kf3 Nf5 39. Bc3 Ne3 40.
Bb3 Nf5 41. Be5 Nh4+ 42. Kg3 Nf5+ 43. Kg4 Nh6+ 44. Kf3 Nf7 45. Bc3 Nd6 46. g3
Ne4 47. Bd4 Bxd4 48. Rxd4 Nc5 49. Bc2 Re6 50. h4 Kg8 51. g4 Kf8 52. Rd5 Kf7 53.
Rd1 Ke7 54. Rd5 Rf6 55. Re5+ Kf7 56. Ke3 Rd6 57. g5 Nd7 58. Bb3+ Kf8 59. Rd5
Ke7 60. Rxd6 Kxd6 61. Bf7 Nf8 62. Ke4 Ke7 63. Bc4 Kd6 64. Bd3 Ne6 65. Kf3 Nf8
66. Ke3 Kd5 67. Be4+ Kc4 68. f5 gxf5 69. Bxf5 b5 70. h5 b4 71. Ke4 a5 72. Ke5
Kc3 73. Kd6 a4 74. Ke7 b3 75. a3 Kb2 76. Kxf8 Kxa3 77. h6 gxh6 78. gxh6 b2 79.
h7 Ka2 80. h8=Q a3 81. Qc3 1-0

[Event "40. Open Ciudad de San Sebastián 2017"]
[Site "San Sebastián ESP"]
[Date "2017.04.09"]
[Round "3.5"]
[White "Pastor Pons, Pedro Maria"]
[Black "Panelo, Marcelo"]
[Result "0-1"]
[WhiteElo "2077"]
[BlackElo "2373"]
[PlyCount "54"]
[EventDate "2017.04.08"]
[EventType "swiss"]
[EventRounds "9"]
[EventCountry "ESP"]
[SourceTitle "Ajedrez en Madrid"]
[Source "lmi"]
[SourceDate "2017.04.08"]

1. e4 c5 2. Nf3 d6 3. Bb5+ Bd7 4. Bxd7+ Qxd7 5. O-O Nf6 6. Nc3 Nc6 7. d4 cxd4
8. Nxd4 g6 9. Nxc6 bxc6 10. Qe2 Bg7 11. e5 dxe5 12. Qxe5 O-O 13. Qc5 Nd5 14.
Rd1 Qf5 15. Ne2 Rad8 16. Bd2 Bxb2 17. Rab1 Be5 18. Nd4 Qh5 19. Nf3 Nc3 20. Nxe5
Nxb1 21. g4 Qh3 22. Rxb1 Rxd2 23. Qc4 Rxf2 24. Kxf2 Qxh2+ 25. Kf3 Qxe5 26. Qxc6
Rd8 27. Rb3 Rd4 0-1

[Event "40. Open Ciudad de San Sebastián 2017"]
[Site "San Sebastián ESP"]
[Date "2017.04.09"]
[Round "3.6"]
[White "Del Rey, Diego"]
[Black "Lakunza Oyarbide, Juan Carlos"]
[Result "1-0"]
[WhiteElo "2356"]
[BlackElo "2063"]
[PlyCount "83"]
[EventDate "2017.04.08"]
[EventType "swiss"]
[EventRounds "9"]
[EventCountry "ESP"]
[SourceTitle "Ajedrez en Madrid"]
[Source "lmi"]
[SourceDate "2017.04.08"]

1. d4 Nf6 2. Nf3 g6 3. c4 Bg7 4. Nc3 O-O 5. Bg5 h6 6. Bh4 d6 7. e3 g5 8. Bg3
Nh5 9. Bd3 Bg4 10. Qb3 Qc8 11. O-O-O Nc6 12. h4 Nxg3 13. fxg3 gxh4 14. Rxh4 e5
15. d5 Ne7 16. Rf1 Bf5 17. Qc2 Bxd3 18. Qxd3 Qf5 19. e4 Qg6 20. g4 Bf6 21. Rh3
Qxg4 22. Kb1 Kg7 23. Nd4 Bg5 24. Rg3 Qd7 25. Nf5+ Kg6 26. Qf3 f6 27. Nxe7+ Qxe7
28. Rh3 Qd7 29. g4 c5 30. Ne2 b5 31. cxb5 Qxb5 32. Qf5+ Kg7 33. Nc3 Qa6 34. Rf2
Rf7 35. Ne2 Rb8 36. Nc3 Qc8 37. Qxc8 Rxc8 38. Nb5 Rd7 39. Ra3 Kf7 40. Rxa7 Ke7
41. Rf3 Rb8 42. a4 1-0

[Event "40. Open Ciudad de San Sebastián 2017"]
[Site "San Sebastián ESP"]
[Date "2017.04.09"]
[Round "3.7"]
[White "Moreto Quintana, Alex"]
[Black "Becerra, Juan David"]
[Result "1-0"]
[WhiteElo "2060"]
[BlackElo "2341"]
[PlyCount "91"]
[EventDate "2017.04.08"]
[EventType "swiss"]
[EventRounds "9"]
[EventCountry "ESP"]
[SourceTitle "Ajedrez en Madrid"]
[Source "lmi"]
[SourceDate "2017.04.08"]

1. g3 h5 2. Nf3 b6 3. Bg2 Bb7 4. d4 e6 5. c4 Be7 6. h4 Nf6 7. O-O c5 8. d5 exd5
9. Ng5 Ne4 10. Nxe4 dxe4 11. Nc3 f5 12. Nd5 Bf6 13. Bf4 Na6 14. Qd2 O-O 15.
Nxf6+ Qxf6 16. Qxd7 Rf7 17. Qd2 Rd8 18. Qc1 Qe6 19. b3 Nb4 20. Qb2 Nc6 21. Bg5
Rdd7 22. Rad1 Ne5 23. Qc1 a5 24. Rxd7 Rxd7 25. Rd1 a4 26. Rxd7 Qxd7 27. Qd2
Qxd2 28. Bxd2 Kf7 29. Bf4 Ke6 30. Bxe5 Kxe5 31. e3 b5 32. Bf1 bxc4 33. Bxc4
axb3 34. axb3 Bd5 35. Kf1 Bxc4+ 36. bxc4 Kf6 37. Ke2 g5 38. hxg5+ Kxg5 39. Kf1
Kg4 40. Kg2 h4 41. gxh4 Kxh4 42. f3 Kh5 43. fxe4 fxe4 44. Kh3 Kg5 45. Kg3 Kf5
46. Kh4 1-0

[Event "40. Open Ciudad de San Sebastián 2017"]
[Site "San Sebastián ESP"]
[Date "2017.04.09"]
[Round "3.8"]
[White "Prieto Aranguren, Alain"]
[Black "Alfaro Garcia Del Cerro, Juan"]
[Result "1-0"]
[WhiteElo "2224"]
[BlackElo "2047"]
[PlyCount "49"]
[EventDate "2017.04.08"]
[EventType "swiss"]
[EventRounds "9"]
[EventCountry "ESP"]
[SourceTitle "Ajedrez en Madrid"]
[Source "lmi"]
[SourceDate "2017.04.08"]

1. d4 Nf6 2. Bg5 d5 3. e3 c5 4. Bxf6 gxf6 5. Nc3 Nc6 6. Qh5 e6 7. O-O-O cxd4 8.
exd4 Bd7 9. Nge2 b5 10. Nf4 Bd6 11. Ncxd5 Qb8 12. Nxf6+ Ke7 13. Nh3 Bf4+ 14.
Kb1 Kxf6 15. Qh4+ Kg7 16. Nxf4 Qd8 17. Nh5+ Kh6 18. Nf6+ Kg7 19. Qg5+ Kf8 20.
d5 h6 21. Nxd7+ Qxd7 22. Qf6 Rh7 23. Bxb5 Qd8 24. Qf4 e5 25. Qf5 1-0

[Event "40. Open Ciudad de San Sebastián 2017"]
[Site "San Sebastián ESP"]
[Date "2017.04.09"]
[Round "3.9"]
[White "Lopez De Turiso, Jose Angel"]
[Black "Srienz, Christian"]
[Result "1-0"]
[WhiteElo "2030"]
[BlackElo "2196"]
[PlyCount "113"]
[EventDate "2017.04.08"]
[EventType "swiss"]
[EventRounds "9"]
[EventCountry "ESP"]
[SourceTitle "Ajedrez en Madrid"]
[Source "lmi"]
[SourceDate "2017.04.08"]

1. e4 c6 2. d4 d5 3. e5 c5 4. dxc5 e6 5. Be3 Nc6 6. Nf3 Nh6 7. c3 Nf5 8. Bd4
Be7 9. Nbd2 O-O 10. Bd3 Nfxd4 11. cxd4 f6 12. O-O fxe5 13. Nxe5 Nxd4 14. Qh5
Nf5 15. g4 g6 16. Nxg6 hxg6 17. Qxg6+ Kh8 18. Qh5+ Kg7 19. gxf5 Qe8 20. Qg4+
Kh6 21. Qh3+ Qh5 22. Qxh5+ Kxh5 23. fxe6 Bxe6 24. Rfe1 Rg8+ 25. Kh1 Bh3 26. Bf1
Bxf1 27. Nxf1 Bxc5 28. Ng3+ Kg4 29. Kg2 Rae8 30. Rad1 Rxe1 31. Rxe1 Kf4 32. Re6
Rd8 33. Kf1 Rd7 34. Ke2 Bd4 35. b3 Rh7 36. Nf1 Rc7 37. Ke1 Rc1+ 38. Ke2 Ra1 39.
a4 Ra2+ 40. Kd3 Bxf2 41. Re2 Rxe2 42. Kxe2 Bg1 43. h3 Bc5 44. Nh2 d4 45. Kd3
Kg3 46. Ng4 Kxh3 47. Nf2+ Kg2 48. Ne4 Bb6 49. Ng5 Kf2 50. Ne6 Ke1 51. Nxd4 Bxd4
52. Kxd4 Kd2 53. Kc5 Kc3 54. b4 Kb3 55. a5 a6 56. b5 Ka4 57. bxa6 1-0

[Event "40. Open Ciudad de San Sebastián 2017"]
[Site "San Sebastián ESP"]
[Date "2017.04.09"]
[Round "3.10"]
[White "Galarraga Lasa, Jon Gurutz"]
[Black "Garcia-Castany Musellas, Gal.L"]
[Result "0-1"]
[WhiteElo "1854"]
[BlackElo "2195"]
[PlyCount "88"]
[EventDate "2017.04.08"]
[EventType "swiss"]
[EventRounds "9"]
[EventCountry "ESP"]
[SourceTitle "Ajedrez en Madrid"]
[Source "lmi"]
[SourceDate "2017.04.08"]

1. d4 Nf6 2. Nf3 e6 3. Bf4 b6 4. e3 Bb7 5. Bd3 d6 6. O-O Nbd7 7. c4 Be7 8. Nc3
Nh5 9. Bg3 Nxg3 10. hxg3 h5 11. Qe2 g5 12. Rfd1 g4 13. Nd2 Bf6 14. f4 Ke7 15.
Nde4 Qg8 16. b4 h4 17. gxh4 Rxh4 18. Ng3 Qg7 19. Nd5+ Kd8 20. Nc3 Ke7 21. Be4
Bxe4 22. Ncxe4 Rah8 23. Rac1 Qh7 24. Kf2 Qg6 25. c5 bxc5 26. bxc5 d5 27. Nc3
Rh2 28. Rh1 Rxh1 29. Rxh1 Bh4 30. Qd1 Nf6 31. Qb1 Bxg3+ 32. Kxg3 Rxh1 33. Qxh1
Qc2 34. Qe1 Qxc3 35. Qe2 a5 36. Kh4 Qb4 37. Kg5 Qb8 38. Kh4 Qh8+ 39. Kg3 Qh5
40. Kf2 g3+ 41. Ke1 Qxe2+ 42. Kxe2 Ne4 43. Kf3 a4 44. a3 Nd2+ 0-1

[Event "40. Open Ciudad de San Sebastián 2017"]
[Site "San Sebastián ESP"]
[Date "2017.04.09"]
[Round "3.11"]
[White "Lopez Mijail, Nicolas"]
[Black "Urriza Iricibar, Pablo"]
[Result "0-1"]
[WhiteElo "1915"]
[BlackElo "2228"]
[PlyCount "56"]
[EventDate "2017.04.08"]
[EventType "swiss"]
[EventRounds "9"]
[EventCountry "ESP"]
[SourceTitle "Ajedrez en Madrid"]
[Source "lmi"]
[SourceDate "2017.04.08"]

1. e4 c5 2. Nf3 e6 3. d4 cxd4 4. Nxd4 Nc6 5. Nc3 Qc7 6. Be3 a6 7. Be2 Nf6 8.
O-O Bb4 9. Na4 O-O 10. c4 Bd6 11. f4 Nxe4 12. Bd3 f5 13. Nxf5 exf5 14. Bxe4
fxe4 15. Qd5+ Kh8 16. Rad1 Be7 17. Bb6 Qb8 18. c5 e3 19. Qe4 d6 20. Rd5 dxc5
21. Rh5 h6 22. Nc3 Bg4 23. Rd5 e2 24. Rf2 Rxf4 25. Rxf4 Qxf4 26. Qxf4 e1=Q+ 27.
Qf1 Qxf1+ 28. Kxf1 Rf8+ 0-1

[Event "40. Open Ciudad de San Sebastián 2017"]
[Site "San Sebastián ESP"]
[Date "2017.04.09"]
[Round "3.12"]
[White "Guijarro Galan, Jose Luis"]
[Black "Torres, Patrice"]
[Result "1-0"]
[WhiteElo "2218"]
[BlackElo "1932"]
[PlyCount "93"]
[EventDate "2017.04.08"]
[EventType "swiss"]
[EventRounds "9"]
[EventCountry "ESP"]
[SourceTitle "Ajedrez en Madrid"]
[Source "lmi"]
[SourceDate "2017.04.08"]

1. e4 e6 2. d4 d5 3. e5 c5 4. c3 Nc6 5. Nf3 Bd7 6. a3 c4 7. Nbd2 Na5 8. Rb1 Qb6
9. Be2 Ne7 10. O-O Ng6 11. g3 Be7 12. h4 O-O 13. Nh2 Nb3 14. h5 Nxc1 15. Qxc1
Nh8 16. b3 cxb3 17. Rxb3 Qc7 18. Bd3 Rfb8 19. Ndf3 Qd8 20. Qb1 g6 21. Ng4 b6
22. Kg2 gxh5 23. Nf6+ Bxf6 24. Bxh7+ Kg7 25. exf6+ Qxf6 26. Ne5 Be8 27. Bd3 Ng6
28. f4 Nxe5 29. fxe5 Qg5 30. Rf4 Bd7 31. Qc1 Rg8 32. Qe3 h4 33. g4 h3+ 34. Kh2
Rac8 35. Rb2 Rxc3 36. Rbf2 f5 37. gxf5 exf5 38. e6 Bb5 39. Qe5+ Kh6 40. Rg4
Qxg4 41. Qf6+ Qg6 42. Qh4+ Kg7 43. Qe7+ Kh6 44. Qh4+ Qh5 45. Qf6+ Rg6 46. Qh8+
Kg5 47. Rxf5+ 1-0

[Event "40. Open Ciudad de San Sebastián 2017"]
[Site "San Sebastián ESP"]
[Date "2017.04.10"]
[Round "4.1"]
[White "Lopez Martinez, Josep Manuel"]
[Black "Del Rey, Diego"]
[Result "1-0"]
[WhiteElo "2583"]
[BlackElo "2356"]
[PlyCount "51"]
[EventDate "2017.04.08"]
[EventType "swiss"]
[EventRounds "9"]
[EventCountry "ESP"]
[SourceTitle "Ajedrez en Madrid"]
[Source "lmi"]
[SourceDate "2017.04.08"]

1. c4 e5 2. g3 Nf6 3. Bg2 c6 4. Nf3 e4 5. Nd4 d5 6. cxd5 Qxd5 7. Nc2 Qh5 8. h3
Qg6 9. Nc3 h5 10. Ne3 Bc5 11. Qc2 Bxe3 12. dxe3 Bf5 13. b3 Nbd7 14. Ba3 Nb6 15.
O-O-O Nbd5 16. Nxd5 Nxd5 17. Rd4 O-O-O 18. Rhd1 Kb8 19. Bxe4 Bxe4 20. Qxe4 f5
21. Qc2 Qe6 22. e4 fxe4 23. Qxe4 Qf6 24. Qd3 Qxf2 25. e4 Qxa2 26. Bb2 1-0

[Event "40. Open Ciudad de San Sebastián 2017"]
[Site "San Sebastián ESP"]
[Date "2017.04.10"]
[Round "4.2"]
[White "Narciso Dublan, Marc"]
[Black "Prieto Aranguren, Alain"]
[Result "1-0"]
[WhiteElo "2508"]
[BlackElo "2224"]
[PlyCount "128"]
[EventDate "2017.04.08"]
[EventType "swiss"]
[EventRounds "9"]
[EventCountry "ESP"]
[SourceTitle "Ajedrez en Madrid"]
[Source "lmi"]
[SourceDate "2017.04.08"]

1. d4 Nf6 2. c4 g6 3. Nc3 Bg7 4. e4 d6 5. Be2 O-O 6. Nf3 e5 7. d5 a5 8. Bg5 h6
9. Bh4 Na6 10. Nd2 Qe8 11. O-O Nh7 12. a3 Bd7 13. Kh1 h5 14. f3 a4 15. Nb5 Bh6
16. b4 axb3 17. Nxb3 f5 18. exf5 Bxf5 19. Bd3 Qd7 20. Ra2 Be3 21. Re2 Bb6 22.
Bxf5 Rxf5 23. Bf2 Bxf2 24. Rfxf2 Raf8 25. Nc3 Nf6 26. Qc2 Kg7 27. Nd1 Ng8 28.
Ne3 Rf4 29. c5 Qa4 30. Qb2 Nh6 31. Rc2 Nf5 32. Nxf5+ R8xf5 33. cxd6 cxd6 34. h3
g5 35. Nd2 Nc5 36. Rxc5 dxc5 37. Qxb7+ Rf7 38. Qb8 Qd1+ 39. Nf1 Qxd5 40. Ng3
Rh4 41. Qb1 Qe6 42. Qc1 Qf6 43. Qxc5 g4 44. Ne4 Qf4 45. Qc8 g3 46. Re2 Qg4 47.
Qc3 Qf4 48. Qe1 Rc7 49. Rd2 Ra7 50. Nxg3 Qf6 51. Nf5+ Qxf5 52. Qxh4 Rb7 53. Kh2
Kh7 54. Re2 Kg6 55. Qe4 Qxe4 56. Rxe4 Kf5 57. Re2 Ra7 58. Ra2 Ra4 59. g3 e4 60.
Kg2 e3 61. h4 Ke5 62. Kf1 Kd4 63. Ke2 Ra8 64. Ra1 Re8 1-0

[Event "40. Open Ciudad de San Sebastián 2017"]
[Site "San Sebastián ESP"]
[Date "2017.04.10"]
[Round "4.3"]
[White "Stella, Andrea"]
[Black "Moreto Quintana, Alex"]
[Result "1-0"]
[WhiteElo "2500"]
[BlackElo "2060"]
[PlyCount "67"]
[EventDate "2017.04.08"]
[EventType "swiss"]
[EventRounds "9"]
[EventCountry "ESP"]
[SourceTitle "Ajedrez en Madrid"]
[Source "lmi"]
[SourceDate "2017.04.08"]

1. Nf3 d5 2. d4 Nf6 3. c4 c6 4. e3 Bf5 5. Nc3 e6 6. Bd3 Bxd3 7. Qxd3 Bb4 8. O-O
O-O 9. b3 Qe7 10. Bb2 Nbd7 11. a3 Ba5 12. b4 Bc7 13. e4 Nb6 14. e5 Nfd7 15. Nd2
f5 16. c5 Nc8 17. b5 Nxe5 18. dxe5 Bxe5 19. bxc6 bxc6 20. Nf3 Bf6 21. Rae1 Re8
22. Nd4 Bxd4 23. Qxd4 e5 24. Qd2 Qxc5 25. Na4 Qd6 26. f4 e4 27. Qd4 Qc7 28. Re3
Nd6 29. Rg3 Re7 30. Nc5 Nb5 31. Qf6 Rf8 32. Qh6 Rff7 33. Ne6 Qd6 34. Bxg7 1-0

[Event "40. Open Ciudad de San Sebastián 2017"]
[Site "San Sebastián ESP"]
[Date "2017.04.10"]
[Round "4.4"]
[White "Garcia-Castany Musellas, Gal.L"]
[Black "Gascon Del Nogal, Jose Rafael"]
[Result "0-1"]
[WhiteElo "2195"]
[BlackElo "2489"]
[PlyCount "76"]
[EventDate "2017.04.08"]
[EventType "swiss"]
[EventRounds "9"]
[EventCountry "ESP"]
[SourceTitle "Ajedrez en Madrid"]
[Source "lmi"]
[SourceDate "2017.04.08"]

1. e4 e5 2. Nf3 Nc6 3. Bb5 a6 4. Ba4 Nf6 5. d3 d6 6. Bxc6+ bxc6 7. h3 g6 8. O-O
Bg7 9. Re1 O-O 10. c3 c5 11. Na3 h6 12. Nc4 Nd7 13. d4 exd4 14. cxd4 Re8 15. e5
cxd4 16. exd6 Rxe1+ 17. Qxe1 Nc5 18. Bf4 cxd6 19. Bxd6 Bb7 20. Bxc5 Bxf3 21.
Be7 Qc7 22. Nd6 Bd5 23. Rc1 Qd7 24. b3 Be6 25. Qe4 Rb8 26. Qf4 Qxe7 27. Nf5 Qd8
28. Ne7+ Qxe7 29. Qxb8+ Kh7 30. Qf4 Qa3 31. Qd2 a5 32. Rc6 Qb4 33. Qxb4 axb4
34. Rd6 Bf5 35. f3 Bb1 36. Ra6 d3 37. Kf2 d2 38. Rd6 Bc3 0-1

[Event "40. Open Ciudad de San Sebastián 2017"]
[Site "San Sebastián ESP"]
[Date "2017.04.10"]
[Round "4.5"]
[White "Panelo, Marcelo"]
[Black "Lopez De Turiso, Jose Angel"]
[Result "1-0"]
[WhiteElo "2373"]
[BlackElo "2030"]
[PlyCount "57"]
[EventDate "2017.04.08"]
[EventType "swiss"]
[EventRounds "9"]
[EventCountry "ESP"]
[SourceTitle "Ajedrez en Madrid"]
[Source "lmi"]
[SourceDate "2017.04.08"]

1. d4 f5 2. c4 Nf6 3. Nf3 e6 4. Nc3 Be7 5. Qc2 d5 6. Bf4 c6 7. e3 O-O 8. Bd3
Ne4 9. g4 Na6 10. a3 c5 11. gxf5 Nxc3 12. f6 Ne4 13. fxe7 Qxe7 14. Bxe4 dxe4
15. Qxe4 cxd4 16. Qxd4 Rd8 17. Bg5 Rxd4 18. Bxe7 Rxc4 19. Rd1 h6 20. Rg1 b6 21.
Ne5 Rc2 22. Bf6 Rc7 23. Nd7 g5 24. Ne5 Bb7 25. Bd8 Rcc8 26. Bf6 Rf8 27. Bxg5
hxg5 28. Rxg5+ Kh8 29. Rd4 1-0

[Event "40. Open Ciudad de San Sebastián 2017"]
[Site "San Sebastián ESP"]
[Date "2017.04.10"]
[Round "4.6"]
[White "Urriza Iricibar, Pablo"]
[Black "Vinal Gutierrez, Pedro"]
[Result "1-0"]
[WhiteElo "2228"]
[BlackElo "2007"]
[PlyCount "75"]
[EventDate "2017.04.08"]
[EventType "swiss"]
[EventRounds "9"]
[EventCountry "ESP"]
[SourceTitle "Ajedrez en Madrid"]
[Source "lmi"]
[SourceDate "2017.04.08"]

1. e4 e6 2. d4 d5 3. e5 c5 4. c3 Nc6 5. Nf3 Qb6 6. a3 c4 7. Nbd2 Na5 8. b4 cxb3
9. Bb2 Bd7 10. c4 dxc4 11. Nxc4 Nxc4 12. Bxc4 Bc6 13. O-O Ne7 14. Bxb3 Nd5 15.
Nd2 Be7 16. Nc4 Qc7 17. Qg4 g6 18. Rac1 h5 19. Qd1 h4 20. Ne3 Qd7 21. h3 Bg5
22. Bxd5 Bxd5 23. Nxd5 exd5 24. f4 Be7 25. f5 gxf5 26. Qf3 Bg5 27. Rc5 Rd8 28.
Qxf5 Qxf5 29. Rxf5 Be3+ 30. Kf1 Rh7 31. Ke2 Bh6 32. Rh5 Rg7 33. Kf1 Rg6 34.
Rxh4 Rb6 35. Bc3 Bg7 36. Bb4 Ke7 37. Rc7+ Ke6 38. Re7+ 1-0

[Event "40. Open Ciudad de San Sebastián 2017"]
[Site "San Sebastián ESP"]
[Date "2017.04.10"]
[Round "4.7"]
[White "Iglesias Ojeda, Fernando"]
[Black "Laliena Solanes, Luis"]
[Result "1/2-1/2"]
[WhiteElo "2047"]
[BlackElo "2179"]
[PlyCount "138"]
[EventDate "2017.04.08"]
[EventType "swiss"]
[EventRounds "9"]
[EventCountry "ESP"]
[SourceTitle "Ajedrez en Madrid"]
[Source "lmi"]
[SourceDate "2017.04.08"]

1. e4 c6 2. d4 d5 3. exd5 cxd5 4. Nf3 Nf6 5. Bd3 Nc6 6. O-O Bg4 7. c3 e6 8. h3
Bh5 9. Bf4 Bd6 10. Bxd6 Qxd6 11. Nbd2 O-O 12. Re1 a6 13. a4 Rab8 14. Qe2 Rfe8
15. g4 Bg6 16. Bxg6 hxg6 17. Ne5 Qc7 18. Qd3 Nxe5 19. Rxe5 b5 20. axb5 axb5 21.
b4 Rec8 22. Ra3 Qc6 23. Re1 Rc7 24. g5 Nd7 25. Nf3 Rbc8 26. Ne5 Nxe5 27. Rxe5
f6 28. gxf6 gxf6 29. Re3 Kf7 30. Qe2 Rh8 31. Qa2 Qc4 32. Qxc4 bxc4 33. Ra6 Re7
34. Kg2 g5 35. Re1 Rd8 36. Rea1 e5 37. Rc6 exd4 38. cxd4 Rb8 39. Raa6 Rxb4 40.
Rxf6+ Kg8 41. Rg6+ Rg7 42. Rgd6 c3 43. Rxd5 Rc4 44. Ra1 c2 45. Rc1 g4 46. h4
Kh7 47. Rh5+ Kg8 48. Rc5 Rxd4 49. R1xc2 g3 50. Rc8+ Kh7 51. fxg3 Rxh4 52. R8c7
Rhg4 53. Rxg7+ Kxg7 54. Kh3 Ra4 55. Rc6 Rb4 56. g4 Ra4 57. Kh4 Kg8 58. Rc7 Kh8
59. Kh5 Ra5+ 60. g5 Ra8 61. Kh6 Ra6+ 62. g6 Ra8 63. Rf7 Kg8 64. Rh7 Rb8 65. Rf7
Ra8 66. Rf6 Ra1 67. Rf5 Rh1+ 68. Kg5 Rg1+ 69. Kf6 Ra1 1/2-1/2

[Event "40. Open Ciudad de San Sebastián 2017"]
[Site "San Sebastián ESP"]
[Date "2017.04.10"]
[Round "4.8"]
[White "Cinza Lopez, Javier"]
[Black "Garcia Martinez, Marcos"]
[Result "1-0"]
[WhiteElo "2011"]
[BlackElo "2168"]
[PlyCount "43"]
[EventDate "2017.04.08"]
[EventType "swiss"]
[EventRounds "9"]
[EventCountry "ESP"]
[SourceTitle "Ajedrez en Madrid"]
[Source "lmi"]
[SourceDate "2017.04.08"]

1. e4 e6 2. d4 d5 3. e5 c5 4. c3 Nc6 5. Nf3 Bd7 6. a3 f6 7. Bd3 Qc7 8. O-O
O-O-O 9. Re1 fxe5 10. Nxe5 Nxe5 11. dxe5 Ne7 12. Nd2 Nc6 13. Nf3 Be7 14. b4 c4
15. Bc2 Rdg8 16. b5 Nd8 17. a4 g5 18. Nd4 Nf7 19. a5 b6 20. axb6 axb6 21. Bf5
Rg6 22. Nxe6 1-0

[Event "40. Open Ciudad de San Sebastián 2017"]
[Site "San Sebastián ESP"]
[Date "2017.04.10"]
[Round "4.9"]
[White "Becerra, Juan David"]
[Black "Moreno Estebanez, Patxi"]
[Result "1-0"]
[WhiteElo "2341"]
[BlackElo "2028"]
[PlyCount "93"]
[EventDate "2017.04.08"]
[EventType "swiss"]
[EventRounds "9"]
[EventCountry "ESP"]
[SourceTitle "Ajedrez en Madrid"]
[Source "lmi"]
[SourceDate "2017.04.08"]

1. e4 c5 2. Nc3 Nc6 3. f4 g6 4. Nf3 Bg7 5. Bc4 e6 6. O-O Nge7 7. e5 d5 8. Bb5
O-O 9. Bxc6 Nxc6 10. d4 cxd4 11. Nxd4 f6 12. exf6 Qxf6 13. Nf3 Bd7 14. Ne2 Rae8
15. c3 Qf5 16. Ned4 Qh5 17. Be3 e5 18. Nxc6 Bxc6 19. Nxe5 Qxd1 20. Raxd1 Bxe5
21. fxe5 Rxf1+ 22. Rxf1 Rxe5 23. Bh6 Rf5 24. Re1 Kf7 25. h4 Rf6 26. Be3 a6 27.
Bd4 Rf4 28. g3 Re4 29. Rf1+ Ke7 30. b3 Bb5 31. Bc5+ Ke6 32. Rf8 Re1+ 33. Kg2
Re2+ 34. Kf3 Rxa2 35. g4 Rc2 36. Bd4 Rc1 37. Kg2 Rc2+ 38. Kg3 Rc1 39. Rh8 Rf1
40. Rxh7 Rf7 41. Rh6 Bd3 42. h5 Rf8 43. hxg6 Rg8 44. g7+ Kf7 45. Rf6+ Kxg7 46.
Rf3+ Kg6 47. Rxd3 1-0